000 00692nam a2200289Ia 4500
001 Z_197
003 CHAP
008 220113s1989 xx 000 0 und d
010 _a163170
040 _cCHAP
082 _a519.9 K4
100 _aKempthorne, Oscar
_963003
245 _aAn introduction to genetics statistics /
_cby Oscar Kempthorne
260 _aAmes :
_bIowa State University,
_c1989
300 _a545 p.
440 _a
500 _a
503 _a150601
650 _aEstadística matemática
_938261
650 _aGenética
_xMétodos estadísticos
_947480
901 _a519.9 K4
902 _aA
910 _a1989
942 _c1
942 _cc1
999 _c163170
_d163170